000 00855nam a22002777i 4500
003 DO-SdBNP
005 20230525091032.0
007 ta
008 210906b 2018 dr 00| 0 eng d
020 _a9789945803396
040 _aDO-SdBNP
_bspa
_cBNPHU
_erda
082 4 _222
_aRD861.44
_bG633b
100 1 _aGómez Gatón, Luis Manuel,
_d1956-
_979772
245 1 _aBrotaluz /
_cLuis Manuel Gómez Gatón
264 _aSanto Domingo :
_bs.n.
_c2018.
300 _a92 páginas ;
_c21 cm.
336 _2rdacontent
_atext
_btxt
337 _2 rdamedia
_asin mediación
_bn
338 _2rdacarrier
_avolumen
_bnc
500 _aIncluye datos biográficos del autor en las solapas
590 _aInventarado, 2021/BT
650 4 _aPoesía dominicana
650 4 _aLiteratura dominicana
910 _aBtavárez. Validado. Control de calidad MFF
942 _2ddc
_cLBS1
999 _c50430
_d50430